Τεχνολογίες πληροφορικής και επικοινωνιών στους δικτυακούς οργανισμούς : ανάπτυξη συστήματος επεξεργασίας προτάσεων νέων προιόντων : διπλωματική εργασία

Το περιβάλλον των επιχειρήσεων μεταβάλλεται συνεχώς προκαλώντας ανάγκη για ευελιξία και γρήγορο ανακαθορισμό των στόχων τους. Ο δικτυακός οργανισμός προσφέρει την ευελιξία που χρειάζονται οι σημερινές επιχειρήσεις γιατί οργανώνει το εσωτερικό τους περιβάλλον ως ένα σύνολο τμημάτων – οντοτήτων, που α...

Πλήρης περιγραφή

Αποθηκεύτηκε σε:
Λεπτομέρειες βιβλιογραφικής εγγραφής
Κύριος συγγραφέας: Αναστασίου, Αγις
Συγγραφή απο Οργανισμό/Αρχή: Πανεπιστήμιο Αιγαίου. Σχολή Θετικών Επιστημών. Τμήμα Μηχανικών Πληροφοριακών και Επικοινωνιακών Συστημάτων
Άλλοι συγγραφείς: Βέμου, Κωνσταντίνα (Ο εκπονών διατριβή)
Μορφή: Thesis Βιβλίο
Γλώσσα:Greek
Δημοσίευση: Καρλόβασι, Σάμος : Πανεπιστήμιο Αιγαίου, Τμήμα Μηχανικών Πληροφοριακών και Επικοινωνιακών Συστημάτων, 2005.
Θέματα:
Διαθέσιμο Online:http://hdl.handle.net/11610/8701
Ετικέτες: Προσθήκη ετικέτας
Δεν υπάρχουν, Καταχωρήστε ετικέτα πρώτοι!

MARC

LEADER 00000cam a2200000 i 4500
001 1/25114
008 060224s2005 gr | ||| |||| ||gre||
035 |l 10082834 
040 |a GR-MyUA  |b gre  |e AACR2 
041 0 |a gre 
082 0 |a 658.54   |2 (22)  
100 1 |a Αναστασίου, Αγις. 
245 1 0 |a Τεχνολογίες πληροφορικής και επικοινωνιών στους δικτυακούς οργανισμούς :   |b ανάπτυξη συστήματος επεξεργασίας προτάσεων νέων προιόντων : διπλωματική εργασία /   |c των Αναστασίου Αγι, Βέμου Κωνσταντίνας ; επιβλέπων καθηγητής Κοκολάκης Σπύρος.  
260 |a Καρλόβασι, Σάμος :   |b Πανεπιστήμιο Αιγαίου, Τμήμα Μηχανικών Πληροφοριακών και Επικοινωνιακών Συστημάτων,   |c 2005.  
300 |a 365 σ. :   |b εγχρ. εικ., σχέδια ;   |c 30 εκ.  
500 |a Μέλη της εξεταστικής επιτροπής: Κοκολάκης Σπύρος, Γκρίτζαλης Στέφανος, Λαμπρινουδάκης Κωνσταντίνος. 
502 |a Πτυχιακή εργασία – Πανεπιστήμιο Αιγαίου, Σάμος, 2005. 
504 |a Βιβλιογραφία: σ. 177-178.  
506 0 |a Διάθεση πλήρους κειμένου - Ελεύθερη πρόσβαση.  
520 8 |a Το περιβάλλον των επιχειρήσεων μεταβάλλεται συνεχώς προκαλώντας ανάγκη για ευελιξία και γρήγορο ανακαθορισμό των στόχων τους. Ο δικτυακός οργανισμός προσφέρει την ευελιξία που χρειάζονται οι σημερινές επιχειρήσεις γιατί οργανώνει το εσωτερικό τους περιβάλλον ως ένα σύνολο τμημάτων – οντοτήτων, που αλληλεπιδρούν και συνεργάζονται προς την κατεύθυνση της ταχείας επίτευξης των στόχων τους. Η δε χρήση των τεχνολογιών πληροφορικής και επικοινωνιών στο δικτυακό οργανισμό υλοποιεί τη μεταβλητότητα αυτή και επιτυγχάνει σημαντικά πλεονεκτήματα για τις επιχειρήσεις, όμως δεν είναι ιδιαίτερα ανεπτυγμένη. Στην παρούσα εργασία γίνεται ένα σημαντικό βήμα για την εξειδικευμένη χρήση των τεχνολογιών πληροφορικής και επικοινωνιών στους δικτυακούς οργανισμούς: η ανάπτυξη συστήματος επεξεργασίας προτάσεων νέων προϊόντων σε δικτυακούς οργανισμούς, με τη χρήση της μεθοδολογίας ανάπτυξης λογισμικού Rational Unified Process που εγγυάται υψηλής ποιότητας αποτελέσματα. Η ομάδα εργασίας δημιουργεί μια μελέτη περίπτωσης δικτυακού οργανισμού, που τη θεωρεί ως εικονικό πελάτη της, και ξεκινά την υλοποίηση ενός πληροφοριακού συστήματος για τη διακίνηση ιδεών για νέα προϊόντα στο εσωτερικό περιβάλλον της. Η ανάπτυξη του συστήματος δεν εγγυάται σύγουρη αποδοχή από τους υπαλλήλους της επιχείρησης που μελετάται, είτε πρόκειται για χρήστες του είτε όχι. Μια λεπτομερής ανάλυση για το περιβάλλον στο οποίο πρόκειται να ενσωματωθεί το σύστημα, σε συνδυασμό με τις φάσεις της μεθοδολογίας Rational Unified Process, με τις συνεχείς επαναλήψεις, αντιμετωπίζει τον κίνδυνο αυτό από τα αρχικά στάδια της ανάπτυξης. Το αποτέλεσμα είναι ένα εύχρηστο και όσο το δυνατόν περισσότερο αποδεκτό από τους υπαλλήλους σύστημα, που διευκολύνει το έργο του δικτυακού οργανισμού. 
520 8 |a The environment, in which enterprises take action, is altered continuously causing the need for flexibility and fast re-defining of their objectives. The networked organisation offers the flexibility needed by today`s enterprises. The use of information and communication technologies in the networked organisation results in this changeableness and concludes in important advantages for the enterprises. However, information and communication technologies are not frequently used for developing applications specialized in networked organisations. In the present disertation, an important step towards the specialised use of information and communication technologies concerning networked organisations takes place: The development of a system for editting proposals of new products in a networked organisation. A determinant, during the development of the system, is the use of the software development methodology Rational Unified Process that guarantees high quality results.The project team creates a case study of a networked organisation, that considered to be her virtual customer, and begins the development of an information system for the handling of new products` ideas in her internal environment. The development of the system does not guarantee its acceptance from the employees of the enterprise, refering either to its users or not. A detailed analysis of the environment in which the system will be embedded, in combination with the use of Rational Unified Process methodology, that has continuous repetitions of each phase, faces this danger from the initial stages of its development. The previous actions result in a user-friendly and as much as possible acceptable from the employees system, which makes the operation of the networked organisation easier. 
610 2 0 |a University of the Aegean  |x Dissertations. 
650 0 0 |a Communication in organizations. 
650 0 0 |a Information technology. 
650 0 0 |a Dissertations, Academic  |z Greece. 
700 1 |a Βέμου, Κωνσταντίνα,  |e dis 
700 1 |a Κοκολάκης, Σπύρος,  |e dgs 
710 2 |a Πανεπιστήμιο Αιγαίου.   |b Σχολή Θετικών Επιστημών.   |b Τμήμα Μηχανικών Πληροφοριακών και Επικοινωνιακών Συστημάτων. 
852 |a INST  |b SAMOS  |c DIATR  |e 20060224  |h 658.45 ΑΝΑ  |p 005300024559  |q 005300024559  |t DIE  |y 23 
852 |a INST  |b SAMOS  |c DIATR  |e 20060224  |h 658.45 ΑΝΑ  |p 005300024560  |q 005300024560  |t DIE  |y 23 
856 |u http://hdl.handle.net/11610/8701 
901 |a BIBL3-2006-1 
909 |a Σ  |b 124762 
909 |a Σ  |b 124763 
924 |a ΑΝΑΣΤΑΣΙΟΥ  |b ΑΓΙΣ  |y Σάμος  |z 2006-01 
970 |a ΚΟΣΙΕΡΗΣ  |b ΧΡΗΣΤΟΣ  |z 2006/02/24